|
|
|
|
| LEADER |
01557nam a2200421 a 4500 |
| 001 |
EBC1108589 |
| 003 |
MiAaPQ |
| 005 |
20200520144314.0 |
| 006 |
m o d | |
| 007 |
cr cn||||||||| |
| 008 |
111128s2013 nyuad sb 001 0 eng d |
| 010 |
|
|
|z 2011048158
|
| 020 |
|
|
|z 9780415523172 (hbk. alk. paper)
|
| 020 |
|
|
|a 9780203117484 (electronic bk.)
|
| 035 |
|
|
|a (MiAaPQ)EBC1108589
|
| 035 |
|
|
|a (Au-PeEL)EBL1108589
|
| 035 |
|
|
|a (CaPaEBR)ebr10643483
|
| 035 |
|
|
|a (CaONFJC)MIL425504
|
| 035 |
|
|
|a (OCoLC)823719399
|
| 040 |
|
|
|a MiAaPQ
|c MiAaPQ
|d MiAaPQ
|
| 043 |
|
|
|a a------
|
| 050 |
|
4 |
|a HF5415.13
|b .M3527 2013
|
| 082 |
0 |
4 |
|a 658.80095
|2 23
|
| 245 |
0 |
0 |
|a Marketing management in Asia
|h [electronic resource] /
|c edited by Stan Paliwoda, Tim Andrews, and Junsong Chen.
|
| 250 |
|
|
|a 1st ed.
|
| 260 |
|
|
|a New York :
|b Routledge,
|c 2013.
|
| 300 |
|
|
|a vii, 189 p. :
|b ill.
|
| 490 |
0 |
|
|a Routledge studies in international business and the world economy ;
|v 55
|
| 504 |
|
|
|a Includes bibliographical references and index.
|
| 533 |
|
|
|a Electronic reproduction. Ann Arbor, MI : ProQuest, 2015. Available via World Wide Web. Access may be limited to ProQuest affiliated libraries.
|
| 650 |
|
0 |
|a Marketing
|x Management.
|
| 650 |
|
0 |
|a Marketing
|z Asia
|v Case studies.
|
| 655 |
|
4 |
|a Electronic books.
|
| 700 |
1 |
|
|a Paliwoda, Stanley J.
|
| 700 |
1 |
|
|a Andrews, Tim G.,
|d 1968-
|
| 700 |
1 |
|
|a Chen, Junsong,
|d 1975-
|
| 710 |
2 |
|
|a ProQuest (Firm)
|
| 856 |
4 |
0 |
|u https://ebookcentral.proquest.com/lib/matrademy/detail.action?docID=1108589
|z Click to View
|